Gas Turbine Theory /
Bewaard in:
| Hoofdauteur: | |
|---|---|
| Andere auteurs: | , |
| Formaat: | Boek |
| Taal: | Engels |
| Gepubliceerd in: |
Harlow, Inglaterra :
Prentice-Hall,
2001, c2001
|
| Editie: | 5a edición |
| Onderwerpen: | |
| Tags: |
Geen labels, Wees de eerste die dit record labelt!
|
MARC
| LEADER | 00000nam^a2200000^a^4500 | ||
|---|---|---|---|
| 001 | 000165058 | ||
| 005 | 20250521000000.0 | ||
| 009 | 20260310101004.52 | ||
| 020 | |a 0-13-015847-X | ||
| 037 | |a Acervo ITESO - Biblioteca | ||
| 041 | |a ING | ||
| 082 | |a 621. 433 |b COH | ||
| 100 | |a Cohen, Henry |e (autor) | ||
| 240 | 1 | 1 | |a [Teoría de las turbinas de gas] |
| 245 | 1 | 0 | |a Gas Turbine Theory / |c H. Cohen, G.F.C. Rogers, H.I.H. Saravanamuttoo ; pról. de Norman MacCallum. |
| 250 | |a 5a edición | ||
| 264 | 4 | |a Harlow, Inglaterra : |b Prentice-Hall, |c 2001, c2001 | |
| 300 | |a XVI, 491 p. | ||
| 336 | |a texto |b txt |2 rdacontenido | ||
| 337 | |a sin mediación |b n |2 rdamedio | ||
| 338 | |a volumen |b nc |2 rdasoporte | ||
| 649 | |a XX | ||
| 650 | |a Turbinas de Gas - |x Tema Principal | ||
| 650 | |a Turbomáquinas | ||
| 650 | |a Máquinas de Gas | ||
| 650 | |a Ingeniería Mecánica | ||
| 700 | |a Rogers, G.F.C. |e (autor) | ||
| 700 | |a Saravanamuttoo, H.I.H. |e (autor) | ||
| 910 | |a Fondo General | ||
| 920 | |a Impresos - Libros | ||
| 930 | |a Colección General | ||
| 905 | |a 101 | ||
| 901 | |a 0500099445 |b IT1 |c ACC |u 20250521 | ||
| 901 | |a 0500102139 |b IT1 |c ACC |u 20250521 | ||
| 902 | |a https://opac.biblio.iteso.mx/vufind/Record/000165058 | ||